Animating the letter : (Record no. 18459)
[ view plain ]
| 000 -LEADER | |
|---|---|
| fixed length control field | 01126cam a2200277 a 4500 |
| 001 - CONTROL NUMBER | |
| control field | 2156866 |
| 005 - DATE AND TIME OF LATEST TRANSACTION | |
| control field | 20161220142401.0 |
| 008 - FIXED-LENGTH DATA ELEMENTS--GENERAL INFORMATION | |
| fixed length control field | 990122s1999 ohua b 001 0 eng |
| 010 ## - LIBRARY OF CONGRESS CONTROL NUMBER | |
| LC control number | 99019159 |
| 020 ## - INTERNATIONAL STANDARD BOOK NUMBER | |
| International Standard Book Number | 0814208223 (cloth : alk. paper) |
| 040 ## - CATALOGING SOURCE | |
| Original cataloging agency | DLC |
| Transcribing agency | DLC |
| Modifying agency | DLC |
| 050 00 - LIBRARY OF CONGRESS CALL NUMBER | |
| Classification number | NK3610 |
| Item number | .K46 1999 |
| 100 1# - MAIN ENTRY--PERSONAL NAME | |
| Personal name | Kendrick, Laura. |
| 245 10 - TITLE STATEMENT | |
| Title | Animating the letter : |
| Remainder of title | the figurative embodiment of writing from late antiquity to the Renaissance / |
| Statement of responsibility, etc. | Laura Kendrick. |
| 260 ## - PUBLICATION, DISTRIBUTION, ETC. (IMPRINT) | |
| Place of publication, distribution, etc. | Columbus, Ohio : |
| Name of publisher, distributor, etc. | Ohio State University Press, |
| Date of publication, distribution, etc. | c1999. |
| 300 ## - PHYSICAL DESCRIPTION | |
| Extent | ix, 326 p.: |
| Other physical details | ill. ; |
| Dimensions | 24 cm. |
| 504 ## - BIBLIOGRAPHY, ETC. NOTE | |
| Bibliography, etc | Includes bibliographical references (p. 227-309) and indexes. |
| 650 #0 - SUBJECT ADDED ENTRY--TOPICAL TERM | |
| Topical term or geographic name as entry element | Initials. |
| 650 #0 - SUBJECT ADDED ENTRY--TOPICAL TERM | |
| Topical term or geographic name as entry element | Illumination of books and manuscripts, Medieval. |
| 942 ## - ADDED ENTRY ELEMENTS (KOHA) | |
| Source of classification or shelving scheme | |
| Koha item type | Hard Covered Materials |
| Classification part | NK3610 .K46 1999 |
| Withdrawn status | Lost status | Source of classification or shelving scheme | Damaged status | Not for loan | Home library | Current library | Shelving location | Date acquired | Source of acquisition | Total Checkouts | Full call number | Barcode | Date last seen | Price effective from | Koha item type |
|---|---|---|---|---|---|---|---|---|---|---|---|---|---|---|---|
| MACHAKOS UNIVERSITY LIBRARY | MACHAKOS UNIVERSITY LIBRARY | Technical section | 20/12/2016 | Donation(B.F.A) | NK3610 .K46 1999 | 28673 | 10/07/2018 | 20/12/2016 | Hard Covered Materials |